Music Quiz

Random Music or Popular Quiz

Symphonies by Nickname Quiz Stats

 Plays Quiz not verified by Sporcle

Challenge
Share
Tweet
Embed
Score 0/20 Timer 07:00
0 Plays Today
Composer and Symphony Number Nickname % Correct
Beethoven No. 3Eroica
96%
Dvorak No. 9From the New World
90%
Beethoven No. 6Pastorale
88%
Schubert No. 8Unfinished
86%
Beethoven No. 9Chorale
82%
Haydn No. 94Surprise
82%
Mozart No. 41Jupiter
82%
Mendelssohn No. 3Scottish
70%
Berlioz No. 1Symphonie Fantastique
68%
Mahler No. 8Symphony of a Thousand
64%
Composer and Symphony Number Nickname % Correct
Haydn No. 101Clock
62%
Haydn No. 45Farewell
56%
Mozart No. 40Great
56%
Mozart No. 38Prague
54%
Schumann No. 1Spring
54%
Mozart No. 25Little
38%
Haydn No. 6Le Matin
28%
Haydn No. 31Hornsignal
26%
Haydn No. 85La Reine
26%
Mendelssohn No. 2Lobgesang
26%

You're not logged in!

Compare scores with friends on all Sporcle quizzes.
Join for Free
OR
Log In

You Might Also Like...

Show Comments

Extras

Top Quizzes Today


Score Distribution

Your Account Isn't Verified!

In order to create a playlist on Sporcle, you need to verify the email address you used during registration. Go to your Sporcle Settings to finish the process.

Report this User

Report this user for behavior that violates our Community Guidelines.

Details: